000 00302nam a22001337a 4500
008 180802b xxu||||| |||| 00| 0 eng d
082 _a813.52
245 _aThe Art of Public Speaking
_cLucas,S.P
260 _c2004
300 _a2
_fCD
440 _x9780072988772
760 _b8th
942 _2ddc
_cMX
999 _c46715
_d46715